[Event "29. Torneo San Viator 2017 - Torneo B"]
[Site "Madrid ESP"]
[Date "2017.09.17"]
[Round "1.1"]
[White "Navarro Gonzalez, Jaime"]
[Black "Del Noval Nemeshazi, Mario"]
[Result "1-0"]
[WhiteElo "1748"]
[BlackElo "1416"]
[PlyCount "65"]
[EventDate "2017.09.17"]
[EventType "swiss"]
[EventRounds "9"]
[EventCountry "ESP"]
[SourceTitle "Ajedrez en Madrid"]
[Source "lmi"]
[SourceDate "2017.09.17"]

1. d4 Nf6 2. c4 g6 3. Nc3 Bg7 4. e4 d6 5. Nf3 O-O 6. Be2 Nbd7 7. O-O e5 8. Bg5
exd4 9. Nxd4 c5 10. Ndb5 Nb6 11. Qxd6 Qxd6 12. Nxd6 Rd8 13. e5 Be6 14. exf6
Rxd6 15. fxg7 Nxc4 16. Nb5 Rc6 17. b3 Nd6 18. Nxd6 Rxd6 19. Be7 Rc6 20. Bf8 Rd8
21. Rfd1 Re8 22. Bb5 Rcc8 23. Bxe8 Rxe8 24. h4 b6 25. h5 Bg4 26. f3 Be6 27. h6
c4 28. bxc4 Bxc4 29. Rd7 f5 30. Rad1 Be6 31. Rd8 Kf7 32. Rxe8 Kxe8 33. Re1 1-0

[Event "29. Torneo San Viator 2017 - Torneo B"]
[Site "Madrid ESP"]
[Date "2017.09.17"]
[Round "1.2"]
[White "Calvo Gonzalez, Jose Felix"]
[Black "Villanueva Ortega, Ruben"]
[Result "0-1"]
[WhiteElo "1385"]
[BlackElo "1744"]
[PlyCount "66"]
[EventDate "2017.09.17"]
[EventType "swiss"]
[EventRounds "9"]
[EventCountry "ESP"]
[SourceTitle "Ajedrez en Madrid"]
[Source "lmi"]
[SourceDate "2017.09.17"]

1. e4 e6 2. d4 d5 3. Nd2 Nf6 4. e5 Nfd7 5. Ngf3 c5 6. c3 Nc6 7. Be2 Qb6 8. Qb3
cxd4 9. Qxb6 Nxb6 10. cxd4 Be7 11. O-O Bd7 12. Nb3 O-O 13. Be3 Na4 14. Nbd2
Nxb2 15. Rfb1 Ba3 16. Nf1 Na4 17. Rxb7 Bc8 18. Rb3 Bb2 19. Rb1 Na5 20. R1xb2
Nxb2 21. Rxb2 Nc4 22. Rc2 Ba6 23. Bxc4 Bxc4 24. N1d2 Bd3 25. Rc3 Be2 26. Nb3
Rfc8 27. Rc5 a5 28. Bd2 a4 29. Na5 Rcb8 30. Rc1 Rb2 31. Nb3 axb3 32. axb3 Bxf3
33. gxf3 Rxd2 0-1

[Event "29. Torneo San Viator 2017 - Torneo B"]
[Site "Madrid ESP"]
[Date "2017.09.17"]
[Round "1.3"]
[White "Perez Sempere, Alberto"]
[Black "Del Alamo Fajardo, Fernando"]
[Result "1-0"]
[WhiteElo "1731"]
[BlackElo "1383"]
[PlyCount "93"]
[EventDate "2017.09.17"]
[EventType "swiss"]
[EventRounds "9"]
[EventCountry "ESP"]
[SourceTitle "Ajedrez en Madrid"]
[Source "lmi"]
[SourceDate "2017.09.17"]

1. e4 e5 2. Nf3 Nc6 3. Bb5 a6 4. Ba4 Nf6 5. d4 exd4 6. O-O Be7 7. Re1 O-O 8. e5
Nd5 9. c3 f6 10. Bb3 d6 11. Bxd5+ Kh8 12. e6 Re8 13. Nxd4 Nxd4 14. cxd4 c6 15.
Bb3 d5 16. Bc2 Bd6 17. Qh5 g6 18. Bxg6 Re7 19. Bf5 Qe8 20. Qh6 Qg8 21. Qxf6+
Qg7 22. Qxg7+ Rxg7 23. Bh6 Rg8 24. Nd2 Bb4 25. Rad1 Re8 26. a3 Bd6 27. Nf3 Ra7
28. Ng5 b5 29. Nf7+ Kg8 30. Nxd6 Rae7 31. Nxe8 Rxe8 32. Re3 a5 33. Rg3+ Kh8 34.
Rc1 Bxe6 35. Bxe6 Rxe6 36. Bg7+ Kg8 37. Be5+ Kf7 38. Rcc3 Re7 39. Rxc6 Kf8 40.
Rf3+ Ke8 41. Rc8+ Kd7 42. Rc7+ Kd8 43. Rf8+ Re8 44. Rff7 Rg8 45. Ra7 Ke8 46.
Rxh7 Rg7 47. Rh8+ 1-0

[Event "29. Torneo San Viator 2017 - Torneo B"]
[Site "Madrid ESP"]
[Date "2017.09.17"]
[Round "1.4"]
[White "Jimenez Perez, Federico"]
[Black "Bustos Bernardo, Diego"]
[Result "0-1"]
[WhiteElo "1381"]
[BlackElo "1730"]
[PlyCount "114"]
[EventDate "2017.09.17"]
[EventType "swiss"]
[EventRounds "9"]
[EventCountry "ESP"]
[SourceTitle "Ajedrez en Madrid"]
[Source "lmi"]
[SourceDate "2017.09.17"]

1. e4 c5 2. Nf3 d6 3. Bb5+ Nd7 4. c3 Ngf6 5. e5 dxe5 6. Nxe5 e6 7. d4 cxd4 8.
Qxd4 Be7 9. Bg5 O-O 10. O-O Nd5 11. Bxe7 Qxe7 12. Re1 N7f6 13. Nd2 Rd8 14. Qh4
Qc5 15. Bd3 Bd7 16. Ndf3 Ne7 17. Ng5 Ng6 18. Bxg6 fxg6 19. Rad1 Qe7 20. Nxd7
Rxd7 21. Rxd7 Qxd7 22. Nxe6 Re8 23. Qc4 Nd5 24. Qg4 Nc7 25. Qd4 Qxd4 26. cxd4
Rxe6 27. Rxe6 Nxe6 28. d5 Nf4 29. d6 Kf7 30. g3 Nd5 31. f4 Ke6 32. Kf2 Kxd6 33.
a3 Kc5 34. Kf3 Kc4 35. Ke4 Nf6+ 36. Ke5 Kb3 37. h3 Kxb2 38. g4 Kxa3 39. Ke6 b5
40. Kf7 b4 41. Kxg7 b3 42. Kxf6 b2 43. g5 b1=Q 44. h4 Qb7 45. f5 gxf5 46. Kxf5
Qf7+ 47. Kg4 Kb4 48. h5 Kc5 49. g6 hxg6 50. h6 Kd5 51. Kg3 Ke4 52. h7 Qxh7 53.
Kg4 Qh5+ 54. Kg3 Ke3 55. Kg2 Qf3+ 56. Kg1 Qe2 57. Kh1 Kf3 0-1

[Event "29. Torneo San Viator 2017 - Torneo B"]
[Site "Madrid ESP"]
[Date "2017.09.17"]
[Round "1.5"]
[White "Manso Santamaria, Juan Carlos"]
[Black "Garcia Prada, Guillermo"]
[Result "1/2-1/2"]
[WhiteElo "1703"]
[BlackElo "1375"]
[PlyCount "106"]
[EventDate "2017.09.17"]
[EventType "swiss"]
[EventRounds "9"]
[EventCountry "ESP"]
[SourceTitle "Ajedrez en Madrid"]
[Source "lmi"]
[SourceDate "2017.09.17"]

1. e4 c5 2. c3 e6 3. d4 d5 4. Nd2 Nc6 5. Ngf3 Bd7 6. Be2 Qb6 7. dxc5 Bxc5 8.
O-O Nge7 9. exd5 Nxd5 10. Nb3 O-O 11. Nxc5 Qxc5 12. Qc2 Rfd8 13. Ng5 f5 14. Bd2
e5 15. Rad1 h6 16. Nf3 e4 17. Ne1 Rac8 18. Bc1 Be6 19. g4 Ncb4 20. Qb1 Nxa2 21.
Qxa2 Nf4 22. Rxd8+ Rxd8 23. b3 Nxe2+ 24. Qxe2 Bxb3 25. gxf5 Bc4 26. Qxe4 Bxf1
27. Kxf1 Qxc3 28. Be3 b6 29. Nf3 Qd3+ 30. Qxd3 Rxd3 31. Nd4 Kf7 32. Ke2 Ra3 33.
Kf3 Kf6 34. Ke4 Ra5 35. h4 h5 36. Bg5+ Kf7 37. Bf4 g6 38. fxg6+ Kxg6 39. Be3
Kf6 40. Bg5+ Kg6 41. f4 Ra1 42. f5+ Kf7 43. Ne6 Re1+ 44. Kd5 a5 45. Kc4 Re5 46.
Nd4 b5+ 47. Nxb5 a4 48. Nd6+ Kg8 49. f6 Re6 50. Nf5 Kf7 51. Kb4 Rxf6 52. Bxf6
Kxf6 53. Ne3 Ke5 1/2-1/2

[Event "29. Torneo San Viator 2017 - Torneo B"]
[Site "Madrid ESP"]
[Date "2017.09.17"]
[Round "1.6"]
[White "Insua Rodriguez, Antonio"]
[Black "San Felipe Gonzalez, Tomas"]
[Result "0-1"]
[WhiteElo "1373"]
[BlackElo "1689"]
[PlyCount "64"]
[EventDate "2017.09.17"]
[EventType "swiss"]
[EventRounds "9"]
[EventCountry "ESP"]
[SourceTitle "Ajedrez en Madrid"]
[Source "lmi"]
[SourceDate "2017.09.17"]

1. c4 e5 2. Nc3 Nc6 3. g3 Nf6 4. Bg2 Bc5 5. e3 a6 6. Nge2 O-O 7. O-O d6 8. d4
exd4 9. exd4 Ba7 10. d5 Ne5 11. b3 Bf5 12. Nf4 Qd7 13. Be3 Bxe3 14. fxe3 Neg4
15. Qd2 Rfe8 16. Rae1 Ne4 17. Nxe4 Bxe4 18. Qd4 Bxg2 19. Nxg2 Re5 20. Rf4 Nf6
21. Ref1 Qe7 22. R1f3 Re4 23. Qd3 Re8 24. h3 Rxf4 25. Rxf4 Ne4 26. Kh2 g6 27.
Ne1 Nc5 28. Qf1 Qxe3 29. Rxf7 Qxe1 30. Rf8+ Rxf8 31. Qxe1 Rf7 32. Qe6 Nxe6 0-1

[Event "29. Torneo San Viator 2017 - Torneo B"]
[Site "Madrid ESP"]
[Date "2017.09.17"]
[Round "1.7"]
[White "Franco Rincon, David"]
[Black "Perales Hernandez, Manuel"]
[Result "1-0"]
[WhiteElo "1686"]
[BlackElo "1367"]
[PlyCount "105"]
[EventDate "2017.09.17"]
[EventType "swiss"]
[EventRounds "9"]
[EventCountry "ESP"]
[SourceTitle "Ajedrez en Madrid"]
[Source "lmi"]
[SourceDate "2017.09.17"]

1. e4 e5 2. Nf3 Nc6 3. Bc4 d6 4. d4 exd4 5. Nxd4 Bd7 6. O-O Qf6 7. c3 O-O-O 8.
Be3 Qg6 9. Nd2 Bh3 10. Qf3 Be6 11. Nxc6 bxc6 12. b4 Kb8 13. Bd3 Bg4 14. Qg3 Kb7
15. h3 Bh5 16. Qxg6 Bxg6 17. f4 h5 18. f5 Bh7 19. Be2 Nf6 20. Bg5 Be7 21. Bxh5
Bg8 22. Bf3 Rd7 23. Rfd1 Nh7 24. Be3 Bg5 25. Kf2 Bxe3+ 26. Kxe3 Nf6 27. b5 Re7
28. bxc6+ Ka8 29. Kf2 Bh7 30. Rab1 g6 31. fxg6 Bxg6 32. Rb4 Re5 33. Rdb1 Rhe8
34. Rb7 Rc8 35. R1b4 Ra5 36. a4 Bh5 37. g4 Bg6 38. h4 Ne8 39. Be2 Rc5 40. Bc4
Nf6 41. Kf3 Rxc6 42. g5 Nd7 43. Bd5 Rxc3+ 44. Kf4 c6 45. Rxd7 cxd5 46. Rbb7
R3c7 47. Rbxc7 Rxc7 48. Rxc7 dxe4 49. Nxe4 d5 50. Nd6 a6 51. Nxf7 d4 52. Ne5
Bc2 53. Rxc2 1-0

[Event "29. Torneo San Viator 2017 - Torneo B"]
[Site "Madrid ESP"]
[Date "2017.09.17"]
[Round "1.8"]
[White "Giron Herranz, Juan"]
[Black "Jimenez Alvaro, Angel"]
[Result "0-1"]
[WhiteElo "1366"]
[BlackElo "1683"]
[PlyCount "62"]
[EventDate "2017.09.17"]
[EventType "swiss"]
[EventRounds "9"]
[EventCountry "ESP"]
[SourceTitle "Ajedrez en Madrid"]
[Source "lmi"]
[SourceDate "2017.09.17"]

1. d4 e6 2. Nf3 f5 3. c4 Nf6 4. Nc3 Bb4 5. Bd2 O-O 6. e3 b6 7. Bd3 Bb7 8. Qc2
Bxc3 9. Bxc3 Ne4 10. O-O-O d5 11. Bxe4 fxe4 12. Ne5 Nd7 13. Nxd7 Qxd7 14. h4
Rac8 15. Qe2 Qa4 16. Kb1 Qxc4 17. Qxc4 dxc4 18. Rdf1 a5 19. h5 b5 20. a3 Ra8
21. g4 Bc6 22. g5 Rfb8 23. Rh4 b4 24. axb4 axb4 25. Be1 c3 26. bxc3 Bb5 27. Rg1
Bd3+ 28. Kc1 Ra1+ 29. Kd2 Ra2+ 30. Kc1 bxc3 31. Bxc3 Rb1# 0-1

[Event "29. Torneo San Viator 2017 - Torneo B"]
[Site "Madrid ESP"]
[Date "2017.09.17"]
[Round "1.9"]
[White "Merino Araguas, Jose Javier"]
[Black "Palomares Cortez, Facundo Sebastian"]
[Result "1-0"]
[WhiteElo "1680"]
[BlackElo "1360"]
[PlyCount "147"]
[EventDate "2017.09.17"]
[EventType "swiss"]
[EventRounds "9"]
[EventCountry "ESP"]
[SourceTitle "Ajedrez en Madrid"]
[Source "lmi"]
[SourceDate "2017.09.17"]

1. d4 Nf6 2. c4 e6 3. Nf3 d5 4. Nc3 b6 5. Bg5 Be7 6. e3 O-O 7. Bd3 h6 8. Bh4
Bb7 9. O-O Nbd7 10. Rc1 c5 11. cxd5 Nxd5 12. Bxe7 Qxe7 13. Qe2 Rac8 14. Bb1
cxd4 15. Nxd5 Bxd5 16. exd4 Qb4 17. Qd2 Qxd2 18. Nxd2 Nf6 19. Rfd1 Rfd8 20.
Rxc8 Rxc8 21. f3 Kf8 22. Kf2 Ke7 23. Nf1 Kd6 24. Ne3 Nd7 25. g3 f5 26. h4 Bb7
27. d5 exd5 28. Bxf5 Rc7 29. Be4 Nf6 30. Bb1 Ke5 31. Nf5 Ke6 32. Re1+ Kf7 33.
a3 Bc8 34. Nd6+ Kf8 35. Nb5 Rc5 36. Nd4 Kf7 37. Ba2 a5 38. Rd1 Bd7 39. Rd2 Be6
40. Ne2 Ke7 41. Nf4 Kd6 42. Nd3 Rc7 43. Nf4 a4 44. Ne2 b5 45. Nc3 Rc5 46. g4 g5
47. hxg5 hxg5 48. Ne2 Nd7 49. Nc3 Ne5 50. Ne4+ Kc6 51. Nxc5 Kxc5 52. Rc2+ Nc4
53. b3 axb3 54. Bxb3 Kd4 55. a4 bxa4 56. Bxa4 Bf7 57. Re2 Kd3 58. Bb5 Bg6 59.
Re6 Bf7 60. Rf6 Bg8 61. Rg6 Bf7 62. Rxg5 Kc3 63. Rg7 Be6 64. Re7 Bg8 65. Rg7
Be6 66. Re7 Bg8 67. g5 d4 68. Rc7 d3 69. Bxc4 Bxc4 70. Rxc4+ Kxc4 71. Ke1 Kd5
72. Kd2 Ke5 73. f4+ Kxf4 74. g6 1-0

[Event "29. Torneo San Viator 2017 - Torneo B"]
[Site "Madrid ESP"]
[Date "2017.09.17"]
[Round "1.10"]
[White "Haering Hijon, Javier"]
[Black "Arce Escobedo, Julio"]
[Result "1-0"]
[WhiteElo "1344"]
[BlackElo "1671"]
[PlyCount "127"]
[EventDate "2017.09.17"]
[EventType "swiss"]
[EventRounds "9"]
[EventCountry "ESP"]
[SourceTitle "Ajedrez en Madrid"]
[Source "lmi"]
[SourceDate "2017.09.17"]

1. e4 c5 2. Nf3 d6 3. Bb5+ Bd7 4. Bxd7+ Qxd7 5. d4 cxd4 6. Nxd4 Nf6 7. f3 g6 8.
c4 Bg7 9. Be3 Nc6 10. Nc3 a6 11. a4 Rc8 12. b3 O-O 13. O-O Nxd4 14. Bxd4 h5 15.
Be3 Qc7 16. Rc1 Qa5 17. Rf2 Rc6 18. Rd2 Rfc8 19. Nd5 Nxd5 20. Rxd5 Qc7 21. a5
e6 22. Bb6 Qe7 23. Rd3 Be5 24. Qd2 Qh4 25. g3 Qe7 26. f4 Bg7 27. Rd1 Bf8 28.
Qc3 Bg7 29. Qb4 Bf8 30. e5 dxe5 31. Qxe7 Bxe7 32. fxe5 Bc5+ 33. Bxc5 Rxc5 34.
Rd8+ Rxd8 35. Rxd8+ Kg7 36. Rd7 Rxa5 37. Rxb7 Rxe5 38. b4 Re1+ 39. Kf2 Rb1 40.
b5 axb5 41. cxb5 e5 42. Kf3 Rb2 43. h4 Rb3+ 44. Ke4 Rxg3 45. Kxe5 Rg4 46. Rd7
Rxh4 47. Rd4 Rh1 48. Rb4 Rd1 49. b6 Rd8 50. b7 Rb8 51. Kd6 Kf6 52. Kc7 Rxb7+
53. Rxb7 Kg5 54. Kd6 f5 55. Ke5 h4 56. Rb1 h3 57. Rg1+ Kh5 58. Kf4 Kh6 59. Rh1
Kg7 60. Rxh3 Kf6 61. Rh6 Kg7 62. Kg5 f4 63. Rxg6+ Kh7 64. Rf6 1-0

[Event "29. Torneo San Viator 2017 - Torneo B"]
[Site "Madrid ESP"]
[Date "2017.09.17"]
[Round "1.11"]
[White "Mora Marin, Guillermo"]
[Black "Benitez Robles, Antonio"]
[Result "1/2-1/2"]
[WhiteElo "1656"]
[BlackElo "1343"]
[PlyCount "60"]
[EventDate "2017.09.17"]
[EventType "swiss"]
[EventRounds "9"]
[EventCountry "ESP"]
[SourceTitle "Ajedrez en Madrid"]
[Source "lmi"]
[SourceDate "2017.09.17"]

1. d4 e6 2. c4 Bb4+ 3. Nc3 c5 4. Qb3 b6 5. a3 Bxc3+ 6. Qxc3 cxd4 7. Qxd4 Qf6 8.
Nf3 Qxd4 9. Nxd4 Ne7 10. e3 Nbc6 11. Nb5 O-O 12. b4 Ba6 13. Nd6 Ne5 14. Bb2
N5g6 15. Bd3 f5 16. O-O Nc8 17. Nxc8 Raxc8 18. Rac1 Bb7 19. Be2 d6 20. Rfd1
Rfd8 21. Rd4 e5 22. Rd2 Rd7 23. Rcd1 Rcd8 24. f3 Kf8 25. c5 bxc5 26. bxc5 d5
27. Rc1 Bc6 28. Bc3 Rb8 29. Bb4 Rdb7 30. Ba6 Rd7 1/2-1/2

[Event "29. Torneo San Viator 2017 - Torneo B"]
[Site "Madrid ESP"]
[Date "2017.09.17"]
[Round "1.12"]
[White "Lavayen Torres, Leonardo"]
[Black "Arias Cusio, Oscar"]
[Result "1-0"]
[WhiteElo "1342"]
[BlackElo "1655"]
[PlyCount "55"]
[EventDate "2017.09.17"]
[EventType "swiss"]
[EventRounds "9"]
[EventCountry "ESP"]
[SourceTitle "Ajedrez en Madrid"]
[Source "lmi"]
[SourceDate "2017.09.17"]

1. e4 e6 2. d4 b6 3. Nf3 Bb7 4. Bd3 c5 5. c3 Be7 6. e5 cxd4 7. cxd4 Bxf3 8.
Qxf3 Nc6 9. Be3 Rc8 10. O-O Nb4 11. Be4 f5 12. Bb7 Rc7 13. Nc3 Qb8 14. Qg3 g6
15. Bf3 Nd3 16. d5 Bc5 17. Nb5 Rc8 18. d6 Bxe3 19. fxe3 Rc5 20. Nc7+ Rxc7 21.
dxc7 Qxc7 22. Rfd1 Nxe5 23. Rac1 Qb8 24. Rc8+ Qxc8 25. Qxe5 Nf6 26. Qxf6 Rf8
27. Qg7 Qc5 28. Qxd7# 1-0

[Event "29. Torneo San Viator 2017 - Torneo B"]
[Site "Madrid ESP"]
[Date "2017.09.17"]
[Round "1.13"]
[White "Ramos Antona, Enrique"]
[Black "Pastor Diaz, David"]
[Result "1-0"]
[WhiteElo "1650"]
[BlackElo "1323"]
[PlyCount "69"]
[EventDate "2017.09.17"]
[EventType "swiss"]
[EventRounds "9"]
[EventCountry "ESP"]
[SourceTitle "Ajedrez en Madrid"]
[Source "lmi"]
[SourceDate "2017.09.17"]

1. d4 Nf6 2. c4 e6 3. Nc3 b6 4. Nf3 Bb7 5. g3 g6 6. Bg2 c6 7. O-O Qc7 8. Bf4 d6
9. Qd2 Nbd7 10. Rfd1 Nh5 11. Bh6 Bxh6 12. Qxh6 O-O-O 13. a4 f5 14. Qd2 Ndf6 15.
a5 e5 16. axb6 axb6 17. d5 f4 18. dxc6 Bxc6 19. Nb5 Bxb5 20. cxb5 Kd7 21. Rdc1
Qb8 22. Ng5 Ke7 23. Ra8 Qxa8 24. Bxa8 Rxa8 25. Rc7+ Nd7 26. Ne4 Ra1+ 27. Kg2 d5
28. Qxd5 Rd8 29. Qd6+ Ke8 30. Qe6+ Kf8 31. Rxd7 f3+ 32. exf3 Rxd7 33. Qxd7 Ra8
34. Nd6 Nf6 35. Qf7# 1-0

[Event "29. Torneo San Viator 2017 - Torneo B"]
[Site "Madrid ESP"]
[Date "2017.09.17"]
[Round "1.14"]
[White "Medina Lucena, Emilio"]
[Black "Gomez Logrosan, Cristian"]
[Result "0-1"]
[WhiteElo "1321"]
[BlackElo "1638"]
[PlyCount "74"]
[EventDate "2017.09.17"]
[EventType "swiss"]
[EventRounds "9"]
[EventCountry "ESP"]
[SourceTitle "Ajedrez en Madrid"]
[Source "lmi"]
[SourceDate "2017.09.17"]

1. Nf3 Nf6 2. g3 g6 3. Bg2 Bg7 4. d3 O-O 5. O-O d6 6. Nc3 e5 7. e4 c6 8. Bg5 h6
9. Bd2 Nbd7 10. Qc1 Kh7 11. Ne2 a5 12. Bh3 Qe7 13. a3 Nb6 14. Bxc8 Rfxc8 15.
Qe1 a4 16. Nh4 c5 17. c3 c4 18. d4 Nxe4 19. Be3 Nd5 20. Bc1 Re8 21. f3 Nef6 22.
Rf2 Nd7 23. Kf1 exd4 24. Bf4 Nxf4 25. Nxd4 Qxe1+ 26. Rxe1 Rxe1+ 27. Kxe1 Nd3+
28. Kf1 Nxf2 29. Kxf2 Bxd4+ 30. cxd4 Re8 31. Ng2 Nf6 32. Ne3 b5 33. g4 Rc8 34.
Nd1 Nd5 35. Nc3 Nxc3 36. bxc3 Re8 37. h4 g5 0-1

[Event "29. Torneo San Viator 2017 - Torneo B"]
[Site "Madrid ESP"]
[Date "2017.09.17"]
[Round "1.15"]
[White "Castro Uceda, Jose Antonio"]
[Black "Garcia Lozano, Javier"]
[Result "1-0"]
[WhiteElo "1636"]
[BlackElo "1301"]
[PlyCount "93"]
[EventDate "2017.09.17"]
[EventType "swiss"]
[EventRounds "9"]
[EventCountry "ESP"]
[SourceTitle "Ajedrez en Madrid"]
[Source "lmi"]
[SourceDate "2017.09.17"]

1. e4 e5 2. Nf3 Nc6 3. Bb5 a6 4. Bxc6 dxc6 5. h3 Bc5 6. O-O f6 7. c3 Bd6 8. d4
Be6 9. Re1 Qd7 10. d5 cxd5 11. exd5 Bxh3 12. Nxe5 fxe5 13. Qh5+ g6 14. Qxh3
Qxh3 15. gxh3 Ne7 16. c4 O-O 17. Nc3 Bc5 18. Ne4 Bd4 19. Bg5 Nf5 20. Rab1 h6
21. Be3 Nh4 22. Bxh6 Nf3+ 23. Kf1 Nxe1 24. Bxf8 Rxf8 25. Rxe1 Bxb2 26. c5 Bd4
27. d6 c6 28. Rb1 Rf7 29. d7 Rf8 30. Rxb7 Rd8 31. Rc7 Kg7 32. Ke2 a5 33. Kd3
Kf7 34. Ng5+ Ke7 35. Nf3 Rxd7 36. Rxd7+ Kxd7 37. Nxd4 exd4 38. Kxd4 Ke6 39. Ke4
a4 40. f4 a3 41. h4 Kf6 42. Kf3 Kf5 43. Kg3 Kf6 44. Kg4 Kg7 45. Kg5 Kf7 46. f5
gxf5 47. Kxf5 1-0

[Event "29. Torneo San Viator 2017 - Torneo B"]
[Site "Madrid ESP"]
[Date "2017.09.17"]
[Round "1.16"]
[White "Lopez Herrero, Israel"]
[Black "Martin Claudio, Andres"]
[Result "0-1"]
[WhiteElo "1286"]
[BlackElo "1633"]
[PlyCount "74"]
[EventDate "2017.09.17"]
[EventType "swiss"]
[EventRounds "9"]
[EventCountry "ESP"]
[SourceTitle "Ajedrez en Madrid"]
[Source "lmi"]
[SourceDate "2017.09.17"]

1. e4 e5 2. Nf3 Nc6 3. Bc4 Be7 4. O-O Nf6 5. d3 O-O 6. Nc3 d6 7. Be3 Bg4 8. h3
Bh5 9. a3 a6 10. b4 Nd4 11. Bxd4 exd4 12. Nd5 c6 13. Nf4 Bxf3 14. Qxf3 Nd7 15.
Ne2 Ne5 16. Qf4 c5 17. bxc5 Nxc4 18. dxc4 dxc5 19. Rfd1 Qb8 20. Qxb8 Raxb8 21.
c3 dxc3 22. Nxc3 Bf6 23. Rac1 Bxc3 24. Rxc3 Rfd8 25. Rcd3 Rxd3 26. Rxd3 b5 27.
Rd5 b4 28. axb4 cxb4 29. Rd2 b3 30. Rb2 a5 31. c5 a4 32. c6 Rc8 33. Rd2 Kf8 34.
Rd4 b2 35. Rb4 a3 36. c7 Rxc7 37. Rb8+ Ke7 0-1

[Event "29. Torneo San Viator 2017 - Torneo B"]
[Site "Madrid ESP"]
[Date "2017.09.17"]
[Round "1.17"]
[White "Correas Aguilera, Eufemio"]
[Black "Yeghiazaryan Petrosyan, Roberto"]
[Result "0-1"]
[WhiteElo "1621"]
[BlackElo "1285"]
[PlyCount "36"]
[EventDate "2017.09.17"]
[EventType "swiss"]
[EventRounds "9"]
[EventCountry "ESP"]
[SourceTitle "Ajedrez en Madrid"]
[Source "lmi"]
[SourceDate "2017.09.17"]

1. Nf3 d5 2. c4 c6 3. cxd5 cxd5 4. d4 Nf6 5. Nc3 g6 6. Bf4 a6 7. e3 Bg7 8. Bd3
O-O 9. O-O Nc6 10. h3 Re8 11. Bh2 h6 12. Rc1 Nb4 13. Bb1 e6 14. a3 Nc6 15. Bd3
Bd7 16. Qc2 Rc8 17. Na4 Nxd4 18. Qd1 Nxf3+ 0-1

[Event "29. Torneo San Viator 2017 - Torneo B"]
[Site "Madrid ESP"]
[Date "2017.09.17"]
[Round "1.18"]
[White "Soria Martinez, Daniel"]
[Black "Mateos Cordero, Francisco"]
[Result "1-0"]
[WhiteElo "1283"]
[BlackElo "1618"]
[PlyCount "83"]
[EventDate "2017.09.17"]
[EventType "swiss"]
[EventRounds "9"]
[EventCountry "ESP"]
[SourceTitle "Ajedrez en Madrid"]
[Source "lmi"]
[SourceDate "2017.09.17"]

1. e4 c5 2. Nc3 e6 3. g3 Nc6 4. Bg2 d6 5. d3 a6 6. Nf3 Be7 7. Be3 Nf6 8. d4
cxd4 9. Nxd4 Qc7 10. O-O Nxd4 11. Bxd4 e5 12. Be3 Be6 13. Nd5 Bxd5 14. exd5 Rc8
15. Rc1 O-O 16. Qd3 Qc4 17. Bh3 Qxd3 18. cxd3 Rxc1 19. Rxc1 Nxd5 20. Bc8 Nxe3
21. fxe3 Bg5 22. Kf2 d5 23. h4 Bh6 24. Rc7 g6 25. Bxb7 d4 26. e4 f5 27. Kf3 g5
28. hxg5 Bxg5 29. Bxa6 h6 30. b4 fxe4+ 31. Kxe4 Rf2 32. Bc4+ Kh8 33. Rc8+ Kg7
34. Kxe5 Be3 35. a4 h5 36. Rc7+ Kg6 37. Rc8 Re2 38. Kd5 Rf2 39. a5 Rf5+ 40. Ke4
Rf2 41. a6 Re2 42. Kd5 1-0

[Event "29. Torneo San Viator 2017 - Torneo B"]
[Site "Madrid ESP"]
[Date "2017.09.17"]
[Round "1.19"]
[White "Alcojor Patilla, Antonio"]
[Black "Mora Gonzalez-Rojas, Francisco"]
[Result "1-0"]
[WhiteElo "1618"]
[BlackElo "1274"]
[PlyCount "133"]
[EventDate "2017.09.17"]
[EventType "swiss"]
[EventRounds "9"]
[EventCountry "ESP"]
[SourceTitle "Ajedrez en Madrid"]
[Source "lmi"]
[SourceDate "2017.09.17"]

1. e4 e5 2. Nf3 d6 3. Bc4 h6 4. Nc3 Nf6 5. d4 exd4 6. Nxd4 Be7 7. O-O O-O 8. h3
Bd7 9. f4 Nc6 10. b3 Nxd4 11. Qxd4 Bc6 12. Bb2 Nh7 13. Nd5 Bf6 14. Nxf6+ Qxf6
15. Qxf6 Nxf6 16. e5 dxe5 17. Bxe5 Rac8 18. Rad1 a6 19. Bd3 Be4 20. Rfe1 Bxd3
21. Rxd3 Rfe8 22. Kf1 Re7 23. Red1 c6 24. Rg3 Kh7 25. Rd6 Re6 26. Rxe6 fxe6 27.
Rd3 Kg6 28. g4 Re8 29. Kg2 Re7 30. Kf3 Rd7 31. Rxd7 Nxd7 32. Bd6 Nb6 33. Ke3
Nd5+ 34. Kd4 h5 35. gxh5+ Kxh5 36. Ke5 g5 37. fxg5 Kxg5 38. Kxe6 Kh4 39. Kd7
Kxh3 40. Kc8 b6 41. Kb7 c5 42. c4 Nb4 43. Kxb6 Nxa2 44. Bxc5 Kg4 45. Kxa6 Kf5
46. Kb7 Ke5 47. Kc7 Nc3 48. b4 Na4 49. Ba7 Ke6 50. b5 Ke7 51. b6 Nc5 52. b7
Nxb7 53. Kxb7 Kd6 54. c5+ Kd7 55. c6+ Kd8 56. c7+ Kd7 57. c8=Q+ Ke7 58. Qc6 Kf7
59. Qd6 Ke8 60. Qc7 Kf8 61. Qd7 Kg8 62. Qe7 Kh8 63. Kc6 Kg8 64. Kd6 Kh8 65. Ke6
Kg8 66. Kf6 Kh8 67. Qg7# 1-0

[Event "29. Torneo San Viator 2017 - Torneo B"]
[Site "Madrid ESP"]
[Date "2017.09.17"]
[Round "1.20"]
[White "Periotto Miori, Caterina"]
[Black "Amador Andujar, Alfredo"]
[Result "0-1"]
[WhiteElo "1250"]
[BlackElo "1610"]
[PlyCount "144"]
[EventDate "2017.09.17"]
[EventType "swiss"]
[EventRounds "9"]
[EventCountry "ESP"]
[SourceTitle "Ajedrez en Madrid"]
[Source "lmi"]
[SourceDate "2017.09.17"]

1. Nf3 Nf6 2. c4 e6 3. d4 b6 4. g3 Bb7 5. Bg2 Be7 6. Nc3 O-O 7. O-O d6 8. b3
Nbd7 9. Bb2 c5 10. e3 d5 11. cxd5 Nxd5 12. Rc1 cxd4 13. Nxd4 Nxc3 14. Rxc3 Bxg2
15. Kxg2 Bf6 16. Rc1 Nc5 17. Qc2 Rc8 18. Qe2 Qd5+ 19. Kg1 Rfd8 20. Rfd1 Qe4 21.
Qc2 Qxc2 22. Rxc2 e5 23. b4 Na4 24. Rdc1 Rxc2 25. Rxc2 exd4 26. Bxd4 Bxd4 27.
exd4 h6 28. Rd2 Nc3 29. a3 Nb5 30. a4 Nxd4 31. Kg2 Nc6 32. Rb2 Rd4 33. b5 Ne5
34. Re2 Ng6 35. Ra2 Kf8 36. a5 bxa5 37. Rxa5 Rb4 38. Rxa7 Rxb5 39. Ra8+ Ke7 40.
Ra7+ Kf6 41. Ra6+ Kf5 42. Ra7 Ne5 43. Ra3 Kg6 44. Ra6+ f6 45. Ra3 Rb2 46. Rc3
h5 47. Re3 Ng4 48. Rf3 Kg5 49. h3 Ne5 50. Rf4 Kh6 51. Kg1 Rb6 52. Kg2 g5 53.
Rd4 Kg6 54. Rd8 Rb7 55. Rg8+ Rg7 56. Rd8 g4 57. h4 Nf3 58. Rd6 Re7 59. Rd1 Re1
60. Rxe1 Nxe1+ 61. Kf1 Nf3 62. Ke2 Kf5 63. Ke3 Ke5 64. Kd3 f5 65. Ke3 Ng1 66.
Kd3 f4 67. Kd2 Nh3 68. Ke2 Ke4 69. Kf1 Kf3 70. gxf4 Nxf2 71. f5 Ne4 72. Kg1 Kg3
0-1

[Event "29. Torneo San Viator 2017 - Torneo B"]
[Site "Madrid ESP"]
[Date "2017.09.17"]
[Round "1.21"]
[White "Alvarez Poves, Jesus"]
[Black "Campos Calderon, David"]
[Result "1-0"]
[WhiteElo "1598"]
[BlackElo "1242"]
[PlyCount "81"]
[EventDate "2017.09.17"]
[EventType "swiss"]
[EventRounds "9"]
[EventCountry "ESP"]
[SourceTitle "Ajedrez en Madrid"]
[Source "lmi"]
[SourceDate "2017.09.17"]

1. d4 d5 2. c4 e6 3. Nc3 Nf6 4. Nf3 Be7 5. Bg5 O-O 6. e3 h6 7. Bh4 Ne4 8. Bxe7
Qxe7 9. Bd3 Nxc3 10. bxc3 dxc4 11. Bxc4 b6 12. O-O Bb7 13. Re1 Nd7 14. e4 Rfd8
15. Qc2 Nf6 16. Bd3 Rac8 17. c4 c6 18. Rab1 Qc7 19. Qb3 Rb8 20. Bc2 Rdc8 21.
Qd3 Nd7 22. e5 Nf8 23. Nd2 Rd8 24. Ne4 c5 25. Nd6 Ng6 26. dxc5 Bxg2 27. Qg3 Ba8
28. Bxg6 fxg6 29. Qxg6 Qe7 30. cxb6 axb6 31. Rb3 Bc6 32. Rg3 Ra8 33. a3 Ra7 34.
Qxh6 Rda8 35. Qh3 Ra5 36. Ree3 Rf8 37. Rg4 Rd8 38. Reg3 Rd7 39. Rxg7+ Qxg7 40.
Qxe6+ Kf8 41. Qe8# 1-0